000 00303nam a2200145Ia 4500
100 _aSpiegel/M.R
942 _cBK
654 _amechanics
245 _aTheoretical mechanics
260 _bMcGraw Hill
_aSingapore
_c1983
082 _a531.01
_bSPI
300 _a368
546 _aENGLISH
999 _c26075
_d26075